[Event "Pocos de Caldas op"]
[Site "Pocos de Caldas"]
[Date "2022.03.13"]
[Round "6"]
[White "Felix Simoes, Rodrigo"]
[Black "Haraguchi, Diego Sashaki"]
[Result "1/2-1/2"]
[WhiteElo "2102"]
[BlackElo "1939"]
[PlyCount "124"]
[EventDate "2022.03.11"]
[EventType "swiss"]
[EventRounds "6"]
[EventCountry "BRA"]
[SourceTitle "EXT 2023"]
[Source "ChessBase"]
[SourceDate "2022.10.05"]
[SourceVersion "1"]
[SourceVersionDate "2022.10.05"]
[SourceQuality "1"]

1. d4 Nf6 2. c4 g6 3. Nc3 d5 4. cxd5 Nxd5 5. e4 Nxc3 6. bxc3 Bg7 7. Nf3 0-0 8. Be2 c5 9. Rb1 Qa5 10. 0-0 Rd8 11. Rb5 Qc7 12. Bg5 b6 13. Qc1 Ba6 14. Rb2 Bxe2 15. Rxe2 Nc6 16. d5 Ne5 17. Nxe5 Qxe5 18. c4 Rd7 19. Rd1 Qc7 20. Bf4 e5 21. Bh6 Rb8 22. Bxg7 Kxg7 23. Rb2 Qd6 24. Qc3 f6 25. Rdb1 Rdb7 26. a4 a6 27. Qa3 a5 28. Qc3 Ra7 29. g3 h5 30. h4 Re7 31. Qe3 Reb7 32. Kg2 Re7 33. f3 Kh7 34. Qb3 Kg7 35. Qb5 Rc7 36. Qa6 Rcb7 37. Qb5 Rc7 38. Qb3 Rf7 39. Qc3 Re7 40. Kh2 Kh7 41. Rb3 Kg7 42. R1b2 Kh7 43. Qd3 Kg7 44. Qb1 Reb7 45. Rb5 Qc7 46. Rd2 Qd6 47. Qf1 Re7 48. Qh3 Rh8 49. Rdb2 Rb8 50. Kg1 f5 51. Qf1 Rf7 52. Qb1 fxe4 53. Qxe4 Rf6 54. Re2 Rf5 55. Kg2 Rbf8 56. Re3 g5 57. hxg5 Rxg5 58. Kf2 Rf6 59. Rb1 Qd7 60. Reb3 Qc7 61. Re3 Qd7 62. Qc2 Qc7 1/2-1/2

[Event "Pocos de Caldas op"]
[Site "Pocos de Caldas"]
[Date "2022.03.12"]
[Round "4"]
[White "Felix Simoes, Rodrigo"]
[Black "Barbosa, Flavio Novais"]
[Result "1-0"]
[WhiteElo "2102"]
[BlackElo "1852"]
[PlyCount "121"]
[EventDate "2022.03.11"]
[EventType "swiss"]
[EventRounds "6"]
[EventCountry "BRA"]
[SourceTitle "CBM 207 Extra"]
[Source "ChessBase"]
[SourceDate "2022.05.31"]
[SourceVersion "1"]
[SourceVersionDate "2022.05.31"]
[SourceQuality "1"]

1. d4 Nf6 2. c4 e6 3. Nf3 d5 4. Nc3 Be7 5. Bg5 0-0 6. e3 c6 7. cxd5 exd5 8. Bd3 h6 9. Bh4 Ne4 10. Bxe7 Qxe7 11. Qc2 Re8 12. 0-0 Bf5 13. Rab1 a5 14. Rfc1 Nd7 15. a3 Qf6 16. a4 Qe7 17. Rd1 Bg4 18. Be2 Nb6 19. b3 Nc8 20. Nxe4 dxe4 21. Ne5 Bxe2 22. Qxe2 Nb6 23. Rdc1 f6 24. Ng6 Qf7 25. Qg4 Kh7 26. Nf4 f5 27. Qe2 g5 28. Nh5 Qg6 29. b4 Nd5 30. bxa5 Re7 31. Rc5 f4 32. g4 Rf8 33. a6 b6 34. Rxd5 cxd5 35. Qb5 fxe3 36. fxe3 Qf7 37. Qe2 Qe6 38. Ng3 Rf3 39. Nf5 Ra7 40. Qb5 Rxf5 41. gxf5 Qxf5 42. Qe2 Qe6 43. Rf1 Rf7 44. Rxf7+ Qxf7 45. Qg4 Kg6 46. h4 Qe8 47. h5+ Kg7 48. Qf5 Qxh5 49. Qe5+ Kf8 50. Qb8+ Ke7 51. Qc7+ Kf8 52. Qd8+ Kg7 53. Qe7+ Kg8 54. Qe6+ Kf8 55. Qf6+ Ke8 56. a7 Qg4+ 57. Kf2 Qh4+ 58. Ke2 Qh5+ 59. Ke1 Qh4+ 60. Qf2 Qh1+ 61. Kd2 1-0

[Event "Caxambu op"]
[Site "Caxambu"]
[Date "2020.03.08"]
[Round "6"]
[White "Carvalho, Celestino Jr"]
[Black "Felix Simoes, Rodrigo"]
[Result "0-1"]
[WhiteElo "1899"]
[BlackElo "2105"]
[PlyCount "130"]
[EventDate "2020.03.06"]
[EventType "swiss"]
[EventRounds "6"]
[EventCountry "BRA"]
[SourceTitle "CBM 195 Extra"]
[Source "ChessBase"]
[SourceDate "2020.05.31"]
[SourceVersion "1"]
[SourceVersionDate "2020.05.31"]
[SourceQuality "1"]

1. Nf3 d5 2. g3 Nd7 3. Bg2 e5 4. d3 Ngf6 5. Nbd2 Bc5 6. e4 c6 7. 0-0 0-0 8. Qe2 Re8 9. h3 a5 10. a4 dxe4 11. dxe4 b6 12. Nb3 Ba6 13. c4 Bf8 14. Rd1 Qe7 15. Qc2 Qe6 16. Bf1 Nc5 17. Nxc5 Bxc5 18. b3 Nh5 19. Kh2 f6 20. Ne1 Bd4 21. Bb2 c5 22. Be2 g6 23. Bg4 Qf7 24. Rab1 Ng7 25. Ng2 h5 26. Bf3 Ne6 27. Ne3 Bxe3 28. fxe3 Rad8 29. h4 Qe7 30. Bc3 Bb7 31. Kg2 Rxd1 32. Rxd1 Rd8 33. Rd5 Kf7 34. Kf2 Nc7 35. Qb2 Ne8 36. Qd2 Bxd5 37. exd5 Nd6 38. e4 Rh8 39. Qe2 Ke8 40. Bg2 Kd8 41. Bh3 Kc7 42. Kg2 Nf7 43. Qf2 g5 44. Be6 Nd6 45. Qe3 gxh4 46. gxh4 Qg7+ 47. Kf1 Ra8 48. Bh3 Qg6 49. Bg2 Rg8 50. Bf3 Qg3 51. Bxa5 Qh3+ 52. Ke1 Nb7 53. d6+ Kxd6 54. Bxb6 Rg3 55. Qd2+ Ke7 56. Qd5 Rg1+ 57. Kd2 Qxf3 58. Qxb7+ Ke8 59. Qc8+ Kf7 60. Qd7+ Kg8 61. Qe8+ Kh7 62. Qd7+ Kh8 63. Qd8+ Kh7 64. Qd7+ Kh6 65. Kc2 Rg2+ 0-1

[Event "Florianopolis op 5th"]
[Site "Florianopolis"]
[Date "2019.01.27"]
[Round "10"]
[White "Furmam, Fernando Gustavo"]
[Black "Felix Simoes, Rodrigo"]
[Result "0-1"]
[WhiteElo "1910"]
[BlackElo "2083"]
[PlyCount "72"]
[EventDate "2019.01.21"]
[EventType "swiss"]
[EventRounds "10"]
[EventCountry "BRA"]
[SourceTitle "CBM 188 Extra"]
[Source "ChessBase"]
[SourceDate "2019.02.26"]
[SourceVersion "1"]
[SourceVersionDate "2019.02.26"]
[SourceQuality "1"]

1. d4 Nf6 2. c4 g6 3. Nc3 Bg7 4. e4 d6 5. f4 0-0 6. Nf3 c5 7. d5 e6 8. Be2 exd5 9. exd5 Bf5 10. 0-0 Ne4 11. Nxe4 Bxe4 12. Bd3 Re8 13. Bxe4 Rxe4 14. Qc2 Qe7 15. Bd2 Nd7 16. Rfe1 Re8 17. Rxe4 Qxe4 18. Qb3 Qf5 19. Qxb7 Nb6 20. Qc6 Re2 21. Re1 Rxe1+ 22. Bxe1 Qe4 23. Qxd6 Bd4+ 24. Kh1 Nxc4 25. Qd8+ Kg7 26. d6 Qe2 27. h4 Ne3 28. Qg5 h6 29. Qg3 Nf5 30. Qg4 h5 31. Qh3 Nxd6 32. Kh2 Nf5 33. b4 Nh6 34. Qg3 Ng4+ 35. Kh3 Qf1 36. Nh2 Qh1 0-1

[Event "BRA-ch Amateur U2200"]
[Site "Sao Paulo"]
[Date "2017.10.12"]
[Round "2"]
[White "Gobbo, Jose Arildo Jr"]
[Black "Felix Simoes, Rodrigo"]
[Result "0-1"]
[WhiteElo "1846"]
[BlackElo "2078"]
[PlyCount "96"]
[EventDate "2017.10.12"]
[EventType "swiss"]
[EventRounds "7"]
[EventCountry "BRA"]
[SourceTitle "EXT 2019"]
[Source "ChessBase"]
[SourceDate "2018.10.10"]
[SourceVersion "1"]
[SourceVersionDate "2018.10.10"]
[SourceQuality "1"]

1. Nf3 Nf6 2. c4 g6 3. g3 Bg7 4. Bg2 0-0 5. 0-0 d6 6. d4 Nbd7 7. Nc3 e5 8. b3 Re8 9. dxe5 Nxe5 10. Nxe5 Rxe5 11. Bf4 Re8 12. Qd2 Nh5 13. Be3 c6 14. Bd4 Nf6 15. e4 Qa5 16. Nb1 Qxd2 17. Nxd2 Nxe4 18. Nxe4 Bxd4 19. Rad1 Bg7 20. Nxd6 Re7 21. Nxc8 Rxc8 22. Rfe1 Kf8 23. Rxe7 Kxe7 24. Kf1 a5 25. a4 Rd8 26. Rxd8 Kxd8 27. Ke2 Kc7 28. Kd3 Kd6 29. Bh3 f5 30. g4 Ke5 31. gxf5 gxf5 32. f3 Bh6 33. Bg2 Bf4 34. h3 h5 35. Bf1 Bh2 36. Bg2 Kf4 37. Ke2 Kg3 38. Bf1 Bg1 39. Kd3 h4 40. Kd2 Kxf3 41. Bd3 Kf4 42. Ke2 Bc5 43. Kd1 Ke5 44. Ke2 f4 45. Bg6 Kd4 46. Bc2 Kc3 47. Bd1 Be3 48. Kf1 Kd2 0-1

[Event "Cordeiropolis Levy Cup 3rd"]
[Site "Cordeiropolis"]
[Date "2017.06.04"]
[Round "6"]
[White "Matsuura, Everaldo"]
[Black "Felix Simoes, Rodrigo"]
[Result "1-0"]
[WhiteElo "2462"]
[BlackElo "2054"]
[PlyCount "49"]
[EventDate "2017.06.02"]
[EventType "swiss"]
[EventRounds "6"]
[EventCountry "BRA"]
[SourceTitle "CBM 178 Extra"]
[Source "ChessBase"]
[SourceDate "2017.06.22"]
[SourceVersion "1"]
[SourceVersionDate "2017.06.22"]
[SourceQuality "1"]

1. e4 d6 2. d4 Nf6 3. Nc3 e5 4. f4 Bg4 5. Qd3 exd4 6. Qxd4 Nc6 7. Qd3 Be6 8. Be3 d5 9. f5 d4 10. fxe6 fxe6 11. 0-0-0 dxe3 12. Qxe3 Bd6 13. Qh3 Qe7 14. Bc4 Rd8 15. Nf3 Bb4 16. Ng5 Bxc3 17. Qxc3 Rxd1+ 18. Rxd1 Nd8 19. Qh3 Qb4 20. Bb3 Ke7 21. Nxe6 Qxe4 22. Nxg7 Qf4+ 23. Kb1 Ne4 24. Qd7+ Kf8 25. Nf5 1-0

[Event "Pocos de Caldas op"]
[Site "Pocos de Caldas"]
[Date "2017.03.11"]
[Round "4"]
[White "Felix Simoes, Rodrigo"]
[Black "Di Berardino, Diego Rafael"]
[Result "0-1"]
[WhiteElo "2043"]
[BlackElo "2494"]
[PlyCount "44"]
[EventDate "2017.03.10"]
[EventType "swiss"]
[EventRounds "6"]
[EventCountry "BRA"]
[SourceTitle "EXT 2018"]
[Source "ChessBase"]
[SourceDate "2017.10.13"]
[SourceVersion "1"]
[SourceVersionDate "2017.10.13"]
[SourceQuality "1"]

1. e4 c5 2. Nc3 e6 3. g3 Nc6 4. Bg2 Nf6 5. d3 Be7 6. f4 d5 7. e5 Nd7 8. Nf3 b5 9. a3 Qb6 10. 0-0 0-0 11. Kh1 a5 12. Bd2 Ba6 13. Be1 b4 14. axb4 axb4 15. Ne2 Bb5 16. Rb1 Qa6 17. Bf2 b3 18. c4 dxc4 19. Nc3 cxd3 20. Qxb3 Nb4 21. Ra1 Qxa1 22. Rxa1 Rxa1+ 0-1

[Event "Florianopolis op 3rd"]
[Site "Florianopolis"]
[Date "2017.01.24"]
[Round "7"]
[White "Felix Simoes, Rodrigo"]
[Black "Aranha Filho, Alvaro Zimmermann"]
[Result "0-1"]
[WhiteElo "1825"]
[BlackElo "2306"]
[PlyCount "62"]
[EventDate "2017.01.20"]
[EventType "swiss"]
[EventRounds "10"]
[EventCountry "BRA"]
[SourceTitle "CBM 176 Extra"]
[Source "ChessBase"]
[SourceDate "2017.03.02"]
[SourceVersion "1"]
[SourceVersionDate "2017.03.02"]
[SourceQuality "1"]

1. e4 d5 2. exd5 Nf6 3. d4 Nxd5 4. Be2 g6 5. Nf3 Bg7 6. 0-0 0-0 7. c3 Nc6 8. Re1 a5 9. Bf1 Bg4 10. h3 Bxf3 11. Qxf3 e5 12. dxe5 Nxe5 13. Qd1 c6 14. Na3 Qh4 15. g3 Qf6 16. f4 Nd7 17. Nc4 Rfd8 18. Be3 Nxe3 19. Rxe3 Bf8 20. Kh2 b5 21. Nd2 Nb6 22. Qe2 Nd5 23. Re4 b4 24. c4 Qxb2 25. Rb1 Qxa2 26. cxd5 Rxd5 27. Rd1 Rad8 28. Bg2 Rxd2 29. Rxd2 Rxd2 30. Qf1 Rf2 31. Qg1 b3 0-1